Statistics for Biggest Cities in Europe, 1700 A.D.

Click here to take the quiz!

General Stats

  • This quiz has been taken 31,425 times
    (31,381 since last reset)
  • The average score is 11 of 17

Answer Stats

Population City % Correct
550,000London
99%
500,000Paris
98%
130,000Rome
97%
100,000Madrid
92%
150,000Moscow
87%
180,000Amsterdam
75%
700,000Constantinople
75%
100,000Vienna
74%
120,000Milan
71%
188,000Lisbon
70%
138,000Venice
63%
215,000Naples
60%
100,000Marseille
52%
100,000Lyon
46%
100,000Belgrade
26%
100,000Sarajevo
18%
100,000GdaƄsk
11%

Score Distribution

Percentile by Number Answered

Percent of People with Each Score

Your Score History

You have not taken this quiz since the last reset